El dragón Martín / (Registro nro. 8821)

Detalles MARC
000 -LIDER
fixed length control field 00826nam a2200277 4500
001 - NÚMERO DE CONTROL
Identificador de número de control 1966
003 - IDENTIFICACDOR DE NÚMERO DE CONTROL
control field DO-SdBNP
005 - DATE AND TIME OF LATEST TRANSACTION
control field 20180125113725.0
007 - CAMPOS FIJOS DE DESCRIPCIÓN FÍSICA
fixed length control field 1966
008 - ELEMENTOS DE LONGITUD FIJA
fixed length control field 900918s1988 sp spa
020 ## - ISBN
International Standard Book Number 9788434585805
040 ## - FUENTE DE CATALOGACIÓN
Agencia que crea de manera original el registro BPMSU
Idioma de catalogación spa
Agencia que realiza la transcripción BPMUS
082 ## - NÚMERO DE CLASIFICACIÓN DECIMAL DE DEWEY
Classification number xxxxxxxx
Item number xxxxxxxx
100 1# - ASIENTO PRINCIPAL -- NOMBRE PERSONAL
Nombre personal Zenker, Helmut
245 13 - MENCIÓN DE TITULO
Título El dragón Martín /
Mención de responsabilidad Helmut Zenker ; traducción de Javier Lacarra ; ilustraciones de Leo Leonhard
260 1# - PUBLICACIÓN, DISTRIBUCIÓN, ETC. (PIE DE IMPRENTA)
Lugar de publicación, distribución, etc Barcelona :
Nombre del editor, distribuidor, etc. Salvat,
Fecha de publicación, distribución, etc 1988
300 ## - DESCRIPCIÓN FÍSICA
Extensión 114 p. :
Otros detalles físicos il. :
Dimensiones 22 cm.
490 1# - MENCIÓN DE SERIES
Mención de serie Biblioteca juvenil
Volume/sequential designation 75
700 1# - ASIENTO SECUNDARIO -- NOMBRE PERSONAL
Nombre personal Lacarra, Javier,
Término de relación tr.
700 1# - ASIENTO SECUNDARIO -- NOMBRE PERSONAL
Nombre personal Leonhard, Leo
830 #0 - ASIENTO SECUNDARIO DE SERIE--TÍTULO UNIFORME
Título uniforme Biblioteca juvenil
Número de la parte o sección de una obra 75
942 ## - ADDED ENTRY ELEMENTS (KOHA)
Source of classification or shelving scheme Dewey Decimal Classification
Koha item type Libros
945 ## - INFORMACIÓN DE PROCESAMIENTO LOCAL
Información de procesamiento local Inventariado, 2018 / BT
956 ## - LOCAL ELECTRONIC LOCATION AND ACCESS (OCLC)
Nombre de host VMATEO
Método de acceso 10
Materiales especificados 20151119
Enlace BPMSU
Campo enlazado y núm. de secuencia 00151
956 ## - LOCAL ELECTRONIC LOCATION AND ACCESS (OCLC)
Nombre de host BTAVAREZ
Número de acceso 10
Trayectoria 20180125
Nombre Electrónico BPMSU
Procesador de solicitud 0038
Existencias
Withdrawn status Lost status Source of classification or shelving scheme Damaged status Not for loan Collection code Home library Current library Date acquired Source of acquisition Total Checkouts Full call number Barcode Date last seen Price effective from Koha item type
    Dewey Decimal Classification     Colección General Biblioteca Pública Metropolitana Salomé Ureña Biblioteca Pública Metropolitana Salomé Ureña 11/19/2015 FUNDI   xxxxxxxx xxxxxxxx BPMSU15110392 11/19/2015 11/19/2015 Libros